000 00430nam a2200181Ia 4500
001 15942
005 20260306170233.0
008 260306t2007||||xx |||||||||||||| ||und||
041 _aESP
082 _a620.82
_bR68
100 _aRivas, Roque Ricardo
_eAUT
245 0 _aErgonomía en el diseño y la producción industral
260 _c2007
300 _a
_c
650 _aGEN
654 _aCII
942 _cLIB
_dJUS
_fJUS
_2ddc
_n
999 _c15942
_d15942